طرق التجارة والسكرتارية :
محفوظ في:
المؤلف الرئيسي:
التنسيق: كتاب
اللغة: Undetermined
منشور في:
Cairo
almatbaeat al'amiriatu,
1945
الوسوم: إضافة وسم
لا توجد وسوم, كن أول من يضع وسما على هذه التسجيلة!
رقم الطلب: O80 HARU
| LEADER | 00390nam a2200121Ia 4500 | ||
|---|---|---|---|
| 008 | 240404s9999||||xx |||||||||||||| ||und|| | ||
| 050 | 4 | |a O80 HARU | |
| 100 | 1 | |a الحاروني، محمد كامل. | |
| 245 | 1 | 0 | |a طرق التجارة والسكرتارية : |c الحاروني، محمد كامل |
| 264 | 1 | |a Cairo |b almatbaeat al'amiriatu, |c 1945 | |
| 300 | |a 248 |c 27 | ||
| 942 | |2 lcc |c BK | ||
| 999 | |c 57923 |d 57923 | ||
